00426nam a2200145Ia 4500001000900000003000500009008004100014010001100055040000900066100003200075245007300107260006100180300001000241504002900251dia_7045CHAP220117s2012 xx 000 0 und d a178298 cCHAP aNoriega Altamirano, Gerardo aElaboración de composta /c Gerardo Noriega Altamirano...[et al.] aMéxico :b UACh. Campo Agrícola Experimental,c2012 a39 p. aBibliografía: p. 38-39